University Home | Library Home | Institutional Repository

Motivational theories and practices / (Record no. 59613)

MARC details
000 -LEADER
fixed length control field 00786cam9a220027700 4500
001 - CONTROL NUMBER
control field lce00134571
008 - FIXED-LENGTH DATA ELEMENTS--GENERAL INFORMATION
fixed length control field 770706s1977 ohua b 001 0 eng
010 ## - LIBRARY OF CONGRESS CONTROL NUMBER
LC control number 76044999
020 ## - INTERNATIONAL STANDARD BOOK NUMBER
Terms of availability
-- 3.95
035 ## - SYSTEM CONTROL NUMBER
System control number (Sirsi) r46672
035 ## - SYSTEM CONTROL NUMBER
System control number (DLC) 76044999
035 ## - SYSTEM CONTROL NUMBER
System control number (UPRA)lce00134571
040 ## - CATALOGING SOURCE
Modifying agency UPRA
050 0# - LIBRARY OF CONGRESS CALL NUMBER
Classification number HF5549.5.M63
Item number C48
082 ## - DEWEY DECIMAL CLASSIFICATION NUMBER
Classification number 658.31/4
100 1# - MAIN ENTRY--PERSONAL NAME
Personal name Chung, Kae H.
Linkage A4611.1
245 10 - TITLE STATEMENT
Title Motivational theories and practices /
Statement of responsibility, etc. Kae H. Chung.
260 ## - PUBLICATION, DISTRIBUTION, ETC.
Place of publication, distribution, etc. Columbus, OH :
Name of publisher, distributor, etc. Grid,
Date of publication, distribution, etc. c1977.
490 0# - SERIES STATEMENT
Series statement Grid series in management
Linkage S2062.1
500 ## - GENERAL NOTE
General note Includes index.
504 ## - BIBLIOGRAPHY, ETC. NOTE
Bibliography, etc. note Bibliography: p. 283-320.
650 #0 - SUBJECT ADDED ENTRY--TOPICAL TERM
Topical term or geographic name entry element Employee motivation.
Linkage S2647.1
949 ## - LOCAL PROCESSING INFORMATION (OCLC)
a HF5549.5.M63
w lcc
m MAIN
t BOOK
l ON-SHELF
987 ## - LOCAL ROMANIZATION/CONVERSION HISTORY (OCLC)
Romanization/conversion identifier WITHDRAWN

No items available.

© 2026 - The University of Zambia Library - Koha v25.11